000
00315nam a22001337a 4500
008
190306b xxu||||| |||| 00| 0 eng d
020
_a
2800071838896
041
_a
eng
080
_a
610
100
_a
4
101
_a
SHM
245
_a
Current Practice Guidelines in Primary Care
_c
Esherick, J,S
942
_2
udc
_c
BK
999
_c
54633
_d
54633